1365 1875 1156 1565 1444 1241 1415 1232 1694 1284 1996 1931 1098 1086 1711 1397 1162 1611 1322 1209 1862 1763 1388 1222 1075 1505 1053 1056 1021 1600 1417 1808 1269 1899 1594 1358 1558 1732 1116 1026 1460 1264 1967 1665 1462 1721 1262 1458 1948 1122 1464 1997 1601 1967 1682 1911 1525 1655 1494 1480 1584 1836 1729 1377 1650 1217 1981 1134 1943 1300 1095 1767 1385 1112 1741 1836 1793 1171 1965 1198 1049 1728 1630 1612 1965 1197 1122 1679 1386 1386 1384 1452 1893 1699 1173 1472 1312 1252 1062 BCNSPRNW ULIB Ver.6.0+V

เปลี่ยนเป็นภาษาไทย

Change to English
 แสดงรายละเอียดบรรณานุกรม
  กลับหน้าหลัก

Brief Record : Get Marc (ISO 2709) : E-mail record : QR code < ปิดหน้าต่าง
LEADER : 00000nam 2200000uu 4500
001    13399114233
003     ULIB
008    120305s2553||||th 000 0 tha d
020    ^a9789746725040
060 04 ^aWY157.6^bม293ก
100 0  ^aมรรยาท ณ นคร
245 10 ^aการพยาบาลผู้ป่วยกระดูกหักที่ได้รับการยึดตรึงด้วยวัสดุภายในร่างกาย /^cมรรยาท ณ นคร
250    ^aพิมพ์ครั้งที่ 3
260    ^aเชียงใหม่ :^bโครงการตำรา คณะพยาบาลศาสตร์มหาวิทยาลัยเชียงใหม่,^c2553
300    ^aก-ณ, 138 หน้า :^bภาพประกอบ ;^c27 ซม.
650  7 ^aการตรึงกระดูกหัก
650  7 ^aกระดูกหัก^xการพยาบาล
650  7 ^aกระดูกหักแบบเปิด
650  7 ^aการพยาบาลออร์โธปิดิคส์
710 2  ^aมหาวิทยาลัยเชียงใหม่. ^bคณะพยาบาลศาสตร์
945    ^p200^l0^i26576
945    ^p200^l0^i18902
945    ^p200^l0^i18903
945    ^p200^l0^i17847
945    ^p200^l0^i17848
945    ^p200^l0^i17849
995    ^aกัณชพร
999    ^aใช้งานได้ทุกระบบ
รายการนี้ยังไม่มีแท็ก
คุณยังไม่ได้ล็อกอิน คุณสามารถมีกิจกรรมร่วมกับเว็บไซต์ได้ แต่ต้องล็อกอินก่อน ::
  ล็อกอิน

รายการสื่อสารสนเทศ

ลำดับที่ ประเภท เลขเรียก/บาร์โค้ด สถานที่ สถานะ
1. หนังสือสำรอง
หนังสือสำรอง
WY157.6 ม293ก  
  Barcode: 18902
ห้องสมุดวิทยาเขตนครสวรรค์
►ส่วนจัดเก็บหนังสือเก่า นว.
บนชั้น
  ขอยืม
2. วิทยาศาสตร์การแพทย์ และสุขภาพ
วิทยาศาสตร์การแพทย์ และสุขภาพ
WY157.6 ม293ก ฉ.2 
  Barcode: 18903
ห้องสมุดวิทยาเขตนครสวรรค์
►ส่วนจัดเก็บหนังสือเก่า นว.
บนชั้น
  ขอยืม
3. วิทยาศาสตร์การแพทย์ และสุขภาพ
วิทยาศาสตร์การแพทย์ และสุขภาพ
WY157.6 ม293ก ฉ.3 
  Barcode: 17847
ห้องสมุดวิทยาเขตนครสวรรค์
►ส่วนจัดเก็บหนังสือเก่า นว.
บนชั้น
  ขอยืม
4. วิทยาศาสตร์การแพทย์ และสุขภาพ
วิทยาศาสตร์การแพทย์ และสุขภาพ
WY157.6 ม293ก ฉ.4 
  Barcode: 17848
ห้องสมุดวิทยาเขตนครสวรรค์
►ส่วนจัดเก็บหนังสือเก่า นว.
บนชั้น
  ขอยืม
5. วิทยาศาสตร์การแพทย์ และสุขภาพ
วิทยาศาสตร์การแพทย์ และสุขภาพ
WY157.6 ม293ก ฉ.5 
  Barcode: 17849
ห้องสมุดวิทยาเขตนครสวรรค์
►ส่วนจัดเก็บหนังสือเก่า นว.
บนชั้น
  ขอยืม
6. วิทยาศาสตร์การแพทย์ และสุขภาพ
วิทยาศาสตร์การแพทย์ และสุขภาพ
WY157.6 ม293ก ฉ.6 
  Barcode: 26576
ห้องสมุดวิทยาเขตนครสวรรค์
►ส่วนจัดเก็บหนังสือเก่า นว.
บนชั้น
  ขอยืม

รายการใกล้เคียง
    ผู้แต่ง [มรรยาท ณ นคร]

    หัวเรื่อง [การตรึงกระดูกหัก]
    หัวเรื่อง [กระดูกหักแบบเปิด]
    หัวเรื่อง [การพยาบาลออร์โธปิดิคส์]

BibComment


ยังไม่เคยถูกคอมเมนท์

คอมเมนท์ทรัพยากรรายการนี้
  คอมเมนท์: การพยาบาลผู้ป่วย..


 Copyright 2026. Bcnsprnw @Library